00400nam a22001697a 4500003000400000008004100004022001800045082001600063100001600079245002100095250001200116260003900128300000900167650001300176700002100189700002000210OSt230301b ||||| |||| 00| 0 eng d a9789388778763 a346.065 SIB aSINGH, Ajit aBusiness Laws-II a2nd ed. aLudhianabKalyani Publishersc2023 aMISC aCommerce aKHURANA, Parveen aKHURANA, Shashi